<?xml version="1.0" encoding="UTF-8"?>
<record
    xmlns:xsi="http://www.w3.org/2001/XMLSchema-instance"
    xsi:schemaLocation="http://www.loc.gov/MARC21/slim http://www.loc.gov/standards/marcxml/schema/MARC21slim.xsd"
    xmlns="http://www.loc.gov/MARC21/slim">

  <leader>00737nam a22002057a 4500</leader>
  <controlfield tag="008">161128b        xxu||||| |||| 00| 0 eng d</controlfield>
  <datafield tag="020" ind1=" " ind2=" ">
    <subfield code="a">9780672330292</subfield>
  </datafield>
  <datafield tag="050" ind1=" " ind2=" ">
    <subfield code="a">TK5105.88 </subfield>
    <subfield code="b">.R36 2009</subfield>
  </datafield>
  <datafield tag="100" ind1=" " ind2=" ">
    <subfield code="a">Rand-Hendriksen, Morten.</subfield>
  </datafield>
  <datafield tag="245" ind1=" " ind2=" ">
    <subfield code="a"> Sams teach yourself Microsoft Expression Web 2 in 24 hours /</subfield>
    <subfield code="c">Morten Rand-Hendriksen.  </subfield>
  </datafield>
  <datafield tag="246" ind1=" " ind2=" ">
    <subfield code="a">each yourself Microsoft Expression Web 2 in 24 hours  </subfield>
  </datafield>
  <datafield tag="246" ind1=" " ind2=" ">
    <subfield code="a">Microsoft Expression Web 2 in 24 hours </subfield>
  </datafield>
  <datafield tag="260" ind1=" " ind2=" ">
    <subfield code="a">Indianapolis, Ind. :</subfield>
    <subfield code="b">Sams,</subfield>
    <subfield code="c">2009  </subfield>
  </datafield>
  <datafield tag="300" ind1=" " ind2=" ">
    <subfield code="a"> xii, 465 p. :</subfield>
    <subfield code="b">ill. ;</subfield>
    <subfield code="c">23 cm. </subfield>
  </datafield>
  <datafield tag="440" ind1=" " ind2=" ">
    <subfield code="a">Sams teach yourself  </subfield>
  </datafield>
  <datafield tag="500" ind1=" " ind2=" ">
    <subfield code="a">Includes index.  </subfield>
  </datafield>
  <datafield tag="630" ind1=" " ind2=" ">
    <subfield code="e">Microsoft Expression Web.  </subfield>
  </datafield>
  <datafield tag="650" ind1=" " ind2=" ">
    <subfield code="a">Web sites</subfield>
    <subfield code="x">Authoring programs. </subfield>
  </datafield>
  <datafield tag="942" ind1=" " ind2=" ">
    <subfield code="2">lcc</subfield>
    <subfield code="c">BK</subfield>
  </datafield>
  <datafield tag="999" ind1=" " ind2=" ">
    <subfield code="c">47474</subfield>
    <subfield code="d">47474</subfield>
  </datafield>
  <datafield tag="952" ind1=" " ind2=" ">
    <subfield code="0">0</subfield>
    <subfield code="1">0</subfield>
    <subfield code="2">lcc</subfield>
    <subfield code="4">0</subfield>
    <subfield code="7">0</subfield>
    <subfield code="8">NFIC</subfield>
    <subfield code="a">NBI</subfield>
    <subfield code="b">NBI</subfield>
    <subfield code="c">GEN</subfield>
    <subfield code="d">2016-11-28</subfield>
    <subfield code="e">Donations</subfield>
    <subfield code="g">1000.00</subfield>
    <subfield code="o">TK5105.88  .R36 2009</subfield>
    <subfield code="p">048900</subfield>
    <subfield code="t">1</subfield>
    <subfield code="w">2016-11-28</subfield>
    <subfield code="y">BK</subfield>
  </datafield>
</record>
